Monarchs of England Quiz Stats

 Plays Quiz Updated Dec 8, 2016

Support Sporcle.
Go Orange.
Score 0/41 Timer 10:00
28 Plays Today
Year(s) Monarch % Correct
House of TudorElizabeth I
95.8%
House of WindsorElizabeth II
94.9%
House of LancasterHenry V
94.9%
House of LancasterHenry VI
94.6%
House of NormandyHenry I Beauclerc
94.3%
House of TudorHenry VII
94.1%
House of TudorHenry VIII
93.6%
AngevinsHenry II Curtmantle
93.5%
AngevinsHenry III
92.7%
House of LancasterHenry IV Bolingbroke
92.2%
House of NormandyWilliam I the Conqueror
91.9%
House of HanoverGeorge I
90.9%
House of HanoverGeorge II
90.6%
House of HanoverGeorge III
90.3%
AngevinsEdward I Longshanks
89.6%
House of WindsorGeorge V
89.6%
House of NormandyWilliam II Rufus
89.2%
House of HanoverGeorge IV
88.9%
AngevinsEdward II
88.9%
House of YorkEdward V
88.8%
House of TudorEdward VI
88.3%
Year(s) Monarch % Correct
AngevinsEdward III
88.3%
House of TudorMary I
87.8%
House of WindsorGeorge VI
87.3%
House of YorkEdward IV
87.2%
House of StuartWilliam and Mary
87.2%
House of HanoverVictoria
86.7%
House of Saxe-Coburg-GothaEdward VII
86.1%
House of StuartCharles I
85.3%
House of StuartCharles II
85%
House of StuartJames I
83.9%
House of WindsorEdward VIII
83.5%
House of StuartJames II
82.9%
AngevinsRichard I the Lionheart
82.3%
AngevinsRichard II
81%
House of YorkRichard III
79.2%
AngevinsJohn Lackland
79%
House of HanoverWilliam IV
75.4%
House of TudorLady Jane Grey
66.7%
House of StuartAnne
66.4%
House of NormandyStephen (and Matilda)
58.8%

From the Vault

Presidential Candidates over 48%

by miyomiyo1

History 4m
Pretty sure this counts as "so close, yet so far."
Remove Ads.
Support Sporcle.
Get the best of Sporcle when you Go Orange. This ad-free experience offers more features, more stats, and more fun while also helping to support Sporcle. Thank you for becoming a member.

Show Comments

Extras

Top Quizzes Today


Score Distribution

Your Account Isn't Verified!

In order to create a playlist on Sporcle, you need to verify the email address you used during registration. Go to your Sporcle Settings to finish the process.

Report this User

Report this user for behavior that violates our Community Guidelines.

Details: